<?xml version="1.0" encoding="UTF-8"?>
<collection xmlns="http://www.loc.gov/MARC21/slim">
<record>
  <controlfield tag="001">163349</controlfield>
  <controlfield tag="005">20251028143404.0</controlfield>
  <datafield tag="024" ind1="8" ind2=" ">
    <subfield code="2">innovaciondocente</subfield>
    <subfield code="a">5530</subfield>
  </datafield>
  <datafield tag="037" ind1=" " ind2=" ">
    <subfield code="a">INNODOC-2024-5530</subfield>
  </datafield>
  <datafield tag="041" ind1=" " ind2=" ">
    <subfield code="a">spa</subfield>
  </datafield>
  <datafield tag="100" ind1=" " ind2=" ">
    <subfield code="0">(orcid)0000-0003-0898-0480</subfield>
    <subfield code="a">Lira Rodríguez, Eva María</subfield>
    <subfield code="e">coord.</subfield>
  </datafield>
  <datafield tag="245" ind1=" " ind2=" ">
    <subfield code="a">Coordinación transversal de la actividad docente en los grados de magisterio de la Facultad de Ciencias Humanas y de la Educación del Campus de Huesca</subfield>
  </datafield>
  <datafield tag="260" ind1=" " ind2=" ">
    <subfield code="a">Zaragoza</subfield>
    <subfield code="b">Universidad de Zaragoza</subfield>
    <subfield code="c">2024</subfield>
  </datafield>
  <datafield tag="520" ind1="3" ind2=" ">
    <subfield code="a">None</subfield>
  </datafield>
  <datafield tag="700" ind1=" " ind2=" ">
    <subfield code="0">(orcid)0000-0002-9761-1953</subfield>
    <subfield code="a">Zaragoza Casterad, Francisco Javier</subfield>
  </datafield>
  <datafield tag="700" ind1=" " ind2=" ">
    <subfield code="0">(orcid)0000-0002-7076-6621</subfield>
    <subfield code="a">Julián Clemente, José Antonio</subfield>
  </datafield>
  <datafield tag="700" ind1=" " ind2=" ">
    <subfield code="a">Ojeda Alba, Marc</subfield>
  </datafield>
  <datafield tag="700" ind1=" " ind2=" ">
    <subfield code="0">(orcid)0000-0001-7839-0350</subfield>
    <subfield code="a">Pérez Ordás, Raquel</subfield>
  </datafield>
  <datafield tag="856" ind1="4" ind2=" ">
    <subfield code="s">73444</subfield>
    <subfield code="u">http://zaguan.unizar.es/record/163349/files/memoria_PIEC_2024_5530.pdf</subfield>
    <subfield code="y">Memoria del proyecto</subfield>
  </datafield>
  <datafield tag="970" ind1=" " ind2=" ">
    <subfield code="a">INNODOC-2024-5530</subfield>
  </datafield>
  <datafield tag="980" ind1=" " ind2=" ">
    <subfield code="a">INNODOC</subfield>
    <subfield code="b">PIEC</subfield>
  </datafield>
</record>
</collection>